Instrucciones de derecho privado (Tomo l)./ (Registro nro. 8122)

Detalles MARC
000 -LEADER
fixed length control field 02203nam a2200193Ia 4500
005 - FECHA Y HORA DE LA ÚLTIMA TRANSACCIÓN
control field 20250703140431.0
008 - FIXED-LENGTH DATA ELEMENTS--GENERAL INFORMATION
fixed length control field 230506s9999 xx 000 0 und d
020 ## - INTERNATIONAL STANDARD BOOK NUMBER
International Standard Book Number 8436230280
040 ## - CATALOGING SOURCE
Original cataloging agency UPAN
Transcribing agency Biblioteca San Vicente
Description conventions RCAA2
041 ## - LANGUAGE CODE
Language code of text/sound track or separate title spa
082 ## - DEWEY DECIMAL CLASSIFICATION NUMBER
Classification number 346
Item number G373i
año de publicación 1994
100 ## - MAIN ENTRY--PERSONAL NAME
Personal name García Urbano, José María
Relator code aut.
245 #0 - TITLE STATEMENT
Title Instrucciones de derecho privado (Tomo l)./
Statement of responsibility, etc José María García Urbano
260 ## - PUBLICATION, DISTRIBUTION, ETC. (IMPRINT)
Place of publication, distribution, etc Madrid:
Name of publisher, distributor, etc UNED,
Date of publication, distribution, etc 1994
300 ## - PHYSICAL DESCRIPTION
Extent 413 p.;
Dimensions 28 cm.
505 ## - FORMATTED CONTENTS NOTE
Formatted contents note Parte Primera: Introducción y parte general del derecho privado<br/><br/>Capitulo Primero: Introducción<br/>Lección Primera: El derecho privado general<br/><br/>Capitulo Segundo: Teoría de la norma<br/>Lección Segunda: La norma jurídica (I)<br/>Lección Tercera: La norma jurídica (II)<br/><br/>Capitulo Tercero: Teoría del negocio jurídico<br/>Lección Cuarta: El negocio jurídico<br/><br/>Capitulo Cuarto: La persona y la personalidad<br/>Lección Quinta: El derecho subjetivo<br/>Lección Sexta: La persona física (I)<br/>Lección Séptima: La persona física (II)<br/>Lección Octava: La persona jurídica<br/><br/>Parte Segunda: Derecho de obligaciones<br/><br/>Lección Primera: Las obligaciones en general (I)<br/>Lección Segunda: Las obligaciones en general (II)<br/>Lección Tercera: Las obligaciones en particular<br/>Lección Cuarta: Extinción de las obligaciones (I)<br/>Lección Quinta: Extinción de las obligaciones (II)<br/>Lección Sexta: Los contratos en general (I)<br/>Lección Séptima: Los contratos en general (II)<br/>Lección Octava: Los contratos en general (III) Interpretación, eficacia, ineficacia del contrato.<br/>tipología contractual<br/><br/>Parte Tercera: Derechos reales<br/><br/>Capitulo I:Régimen jurídico general de los derechos reales<br/>Capitulo II: La propiedad.<br/>Capitulo III: Las llamadas propiedades especiales.<br/>Capitulo IV: Los derechos reales limitados<br/><br/>Parte Cuarta: Derecho de familia<br/>.<br/>Capitulo I: La familia y el matrimonio<br/>Capitulo II: Las relaciones paternofiliales<br/>Capitulo III: Alimentos y parentesco.<br/><br/>Parte Quinta: Derecho de sucesiones<br/><br/>Capitulo I: Introducción.<br/>Capitulo II: El fenómeno sucesorio<br/>Capitulo III: Mecanismos de transmisión de la herencia
650 ## - SUBJECT ADDED ENTRY--TOPICAL TERM
Source of heading or term LEMB
General subdivision Derecho privado
942 ## - ADDED ENTRY ELEMENTS (KOHA)
Koha item type Libros
Source of classification or shelving scheme Dewey Decimal Classification
Existencias
Withdrawn status Lost status Source of classification or shelving scheme Damaged status Not for loan Collection code Home library Current library Date acquired Total Checkouts Full call number Barcode Date last seen Price effective from Koha item type Copy number
    Dewey Decimal Classification     Colección General Biblioteca UPAN San Vicente Biblioteca UPAN San Vicente 06/05/2023   346 G373i 12000786 06/05/2023 06/05/2023 Libros  
    Dewey Decimal Classification     Colección General Biblioteca UPAN San Vicente Biblioteca UPAN San Vicente 06/05/2023   346 G373i 12000785 14/05/2023 06/05/2023 Libros 01